[Event "St Leon Rot op"]
[Site "St Leon Rot"]
[Date "2011.12.29"]
[Round "5"]
[White "Volz, Daniel"]
[Black "Schipke, Maximilian"]
[Result "1-0"]
[WhiteElo "1925"]
[BlackElo "1594"]
[PlyCount "45"]
[EventDate "2011.12.27"]
[EventType "swiss"]
[EventRounds "7"]
[EventCountry "GER"]
[SourceTitle "CBM 146 Extra"]
[Source "ChessBase"]
[SourceDate "2012.02.29"]
[SourceVersion "1"]
[SourceVersionDate "2012.02.29"]
[SourceQuality "1"]

1. e4 c6 2. d4 d5 3. Nc3 dxe4 4. Nxe4 Bf5 5. Ng3 Bg6 6. h4 h6 7. h5 Bh7 8. Nf3 Qc7 9. Bd3 Bxd3 10. Qxd3 Nf6 11. Bd2 e6 12. 0-0-0 Nbd7 13. Ne4 Nxe4 14. Qxe4 Nf6 15. Qe2 0-0-0 16. Kb1 Rd5 17. c4 Rxh5 18. Rxh5 Nxh5 19. d5 Nf4 20. Qe4 g5 21. g3 f5 22. Qe3 Ng2 23. Qxe6+ 1-0

[Event "GER-ch Net qual2 U18"]
[Site "Playchess.com INT"]
[Date "2009.05.13"]
[Round "4"]
[White "Kotainy, Jens"]
[Black "Schipke, Maximilian"]
[Result "1-0"]
[WhiteElo "2170"]
[BlackElo "1658"]
[PlyCount "23"]
[EventDate "2009.05.13"]
[EventType "swiss (blitz)"]
[EventRounds "7"]
[EventCountry "GER"]
[SourceTitle "CBM 130 Extra"]
[Source "ChessBase"]
[SourceDate "2009.07.02"]
[SourceVersion "2"]
[SourceVersionDate "2009.07.15"]
[SourceQuality "1"]

1. e4 Nf6 2. e5 Nd5 3. c4 Nb6 4. c5 Nd5 5. d4 d6 6. cxd6 cxd6 7. Nf3 Bg4 8. Bc4 Nb6 9. Bxf7+ Kxf7 10. Ng5+ Kg8 11. Qxg4 dxe5 12. Qe6# 1-0